01163nam a22002417a 450000500170000000800410001702000180005804000250007604100080010104400070010908200190011610000320013524501690016726000670033630000460040349000440044950001540049350400560064765000530070365000530075665000420080965000700085120160901141218.0140516b2013 it il fr|||| 00| | eng d a9782940472253 aCO-BoIAVHcCO-BoIAVH aeng ait04a551.6986bM97h10aMuñoz-Uribe, Paula Andrea10aHolocene climate variability in tropical South America: bcase history from a high-mountain wet zone in NW Colombia based on palynology and X-ray microfluorescence aGenova, ItaliabUniversité de Genéve, Institut Forelc2013 a177 p.btablas, mapas, gráficasc28 cm. aRevista Terre & EnvironnementvVol. 124 aTesis presentada a la Facultad de Ciencias de la Universidad de Génova para obtener el grado de Doctor en Ciencias, mención Ciencias de la Tierra aIncluye referencias bibliográficas (pag. 145-156) aClimatologíavInvestigacioneszAmerica del Sur 6aClima tropicalvInvestigacioneszAmerica del Sur aCambios climáticoszAmerica del Sur 6aVariabilidad de precipitaciónvInvestigacioneszAmerica del Sur